भाग्यवती / (Record no. 38177)

MARC details
000 -LEADER
fixed length control field 01042nam a22002417a 4500
005 - DATE AND TIME OF LATEST TRANSACTION
control field 20100729120116.0
010 ## - LCCN (DPL NO)
LC control number HIN-89888
020 ## - INTERNATIONAL STANDARD BOOK NUMBER
Terms of availability 125.00
International Standard Book Number 978818801445
035 ## - SYSTEM CONTROL NUMBER
System control number HN-62234
037 ## - SOURCE OF ACQUISITION
Source of stock number/acquisition DBAD / PUB
082 ## - DEWEY DECIMAL CLASSIFICATION NUMBER
Classification number
100 ## - MAIN ENTRY--PERSONAL NAME
Personal name फिल्लौरी, श्रद्धाराम
245 ## - TITLE STATEMENT
Title भाग्यवती /
Statement of responsibility, etc श्रद्धाराम फिल्लौरी
246 ## - VARYING FORM OF TITLE
Title proper/short title Bhagyawati
Remainder of title by Shradharam Fillory
260 ## - PUBLICATION, DISTRIBUTION, ETC. (IMPRINT)
Place of publication, distribution, etc दिल्ली
Name of publisher, distributor, etc अखिल भारती
Date of publication, distribution, etc 2010
270 ## - ADDRESS
Address 3014, चर्खेवालान
City दिल्ली
Postal code 110006
Telephone number 011-23947589
300 ## - PHYSICAL DESCRIPTION
Extent 96पृ.
Dimensions 22सेमी (सजिल्द)
650 ## - SUBJECT ADDED ENTRY--TOPICAL TERM
Topical term following geographic name as entry element हिन्दी कथा साहित्य
650 ## - SUBJECT ADDED ENTRY--TOPICAL TERM
Topical term following geographic name as entry element Hindi Katha Sahitya
700 ## - ADDED ENTRY--PERSONAL NAME
9 (RLIN) 2325
942 ## - ADDED ENTRY ELEMENTS (KOHA)
Source of classification or shelving scheme Dewey Decimal Classification
Item type Hindi Books
Classification part
Call number suffix फिल्लौरी
Holdings
Withdrawn status Lost status Not for loan Collection code Home library Current library Date acquired Source of acquisition Cost, normal purchase price Full call number Barcode Copy number Cost, replacement price Koha item type
    Not For Loan Fiction D.B.Act.Division D.B.Act.Division 29/07/2010 DBAD / PUB 125.00 उ फिल्लौरी HN-62234 1 125.00 Hindi Books

© Delhi Public Library
Hit Counter
free hit counter